| 000 | 01079cam a22003377a 4500 | ||
|---|---|---|---|
| 003 | CHAP | ||
| 005 | 20220329141926.0 | ||
| 008 | 980625s mx a r 00010 spa d | ||
| 010 | _a75820 | ||
| 011 | _a76792 | ||
| 035 | _a86381 | ||
| 040 | _cCHAP | ||
| 090 | _aR-3544 | ||
| 100 | 0 | 0 |
_aNavas O., Sayra. _980610 |
| 245 | 1 | 0 |
_aCosto de producción de carbón vegetal con tres tipos de hornos _c/por Sayra Navas O. (y otros) |
| 500 | _aFotocopia | ||
| 500 | _aSobretiro de: Tecnología en marcha 11 : 56-61, 199? | ||
| 590 |
_aBATCH-UPD _b10 _c20130110 _lUCH01 _h0116 |
||
| 590 |
_aBATCH-UPD _b10 _c20130110 _lUCH01 _h0611 |
||
| 590 |
_aBATCH-UPD _b10 _c20130409 _lUCH01 _h2109 |
||
| 590 |
_aBATCH-UPD _b10 _c20130914 _lUCH01 _h0842 |
||
| 590 |
_aCONVERSION _b10 _c20130109 _lUCH01 _h1341 |
||
| 650 | 1 | 4 |
_aCarbón vegetal. _918858 |
| 650 | 1 | 4 |
_aHornos. _956263 |
| 700 | 0 |
_aJiménez S., Gustavo. _961643 |
|
| 700 | 0 |
_aMeza M., Alejandro. _975335 |
|
| 901 | _aBK | ||
| 905 | _aAlejandra Carrasco M. | ||
| 942 | _cREIMP | ||
| 949 |
_aR-3544 _bBC _cR _d863811 _eTS1 _i86381 _kDonaciØn _sb |
||
| 999 |
_c75820 _d75820 |
||